• 首页
  • 本馆介绍
  • 公告通知
  • 最新文献
  • 馆藏检索
  • 电子资源
  • 读者导购
  • 参考咨询
  • 我的图书馆
  • 登录
  • 详细信息显示
  • 放入我的书架
  • 预约/预借图书
  • 作者相关作品
  • 分类相关作品
  • 丛书相关作品
  • 出版社相关作品

书目信息

  • 表格格式
  • 工作单格式
  • 卡片格式
题名:
毛泽东传
    
 
作者: 里尔 著 ;何宇光 , 刘加英 译
分册:  
出版信息: 北京   中国人民大学出版社  2010
页数: 545页
开本: 24cm
丛书名: 国外毛泽东研究译丛
单 册:
中图分类: A751
科图分类:
主题词:
电子资源:
ISBN: 978-7-300-12621-0
000 01071nam0 2200289 450
001 3212
005 20150811164148.91
010    @a978-7-300-12621-0@dCNY58.00
100    @a20101124d2010 em y0chiy50 ea
101 1  @achi@ceng
102    @aCN@b110000
105    @aa z 000yb
200 1  @a毛泽东传@9mao ze dong chuan@dMao: a biography@e插图本@e插图本@zeng@f特罗斯·里尔(Ross Terrill)著@g何宇光,刘加英译
210    @a北京@c中国人民大学出版社@d2010
215    @a545页@c照片@d24cm
225 2  @a国外毛泽东研究译丛@9guo wai mao ze dong yan jiu yi cong@f石仲泉,萧延中主编
300    @a明德书系·特里尔作品系列
330    @a本书详述了毛泽东生平事迹,内容包括:童年、组织工作、抗日、圣人、苏联以及苏联之外、破碎的幻梦等。
461  0 @12001 @a国外毛泽东研究译丛
510 1  @aMao: a biography@zeng
600  0 @a毛泽东@f(1893-1976)@x传记
690    @aA751@v4
701  1 @a里尔@9li er@b特罗斯@4著
702  0 @a何宇光@9he yu guang@4译
702  0 @a刘加英@9liu jia ying@4译
801  0 @aCN@b大连网信软件有限公司图书馆·11@c20150811
905    @aZUCC@dA751@e213
    
    毛泽东传=Mao: a biography:插图本:插图本/特罗斯·里尔(Ross Terrill)著/何宇光,刘加英译.-北京:中国人民大学出版社,2010
    545页:照片;24cm.-(国外毛泽东研究译丛/石仲泉,萧延中主编)
    明德书系·特里尔作品系列
    
    ISBN 978-7-300-12621-0:CNY58.00
    本书详述了毛泽东生平事迹,内容包括:童年、组织工作、抗日、圣人、苏联以及苏联之外、破碎的幻梦等。
●
相关链接 在E读中查询图书 在五车中查询图书 在当当中查询图书 在豆瓣中查询图书


正题名:毛泽东传     索取号:A751/213         预约/预借

序号 登录号 条形码 馆藏地/架位号 状态 备注
1 0545578   205455782   第一样本阅览室/ [索取号:A751/213] 在馆    
2 0545579   205455791   第一借阅区/ [索取号:A751/213] 在馆    
3 0545580   205455808   第一借阅区/ [索取号:A751/213] 在馆    
4 912733   209127336   第一借阅区/ [索取号:A751/213] 在馆    
5 912734   209127345   第一借阅区/ [索取号:A751/213] 已借出,限还日期为2025.10.25
借出人:纪文文  
 
6 912735   209127354   第一借阅区/ [索取号:A751/213] 在馆    
唐山师范学院图书馆 欢迎您!
大连网信软件有限公司© 版权所有